Normal view
MARC view
- Sturm, Terry W
Entry Personal Name
001 - CONTROL NUMBER
- control field: 110193
003 - CONTROL NUMBER IDENTIFIER
- control field: NUST
005 - DATE AND TIME OF LATEST TRANSACTION
- control field: 20230313183825.0
008 - FIXED-LENGTH DATA ELEMENTS
- fixed length control field: 230313|| aca||aabn | a|a d
040 ## - CATALOGING SOURCE
- Original cataloging agency: NUST
- Transcribing agency: NUST
100 ## - HEADING--PERSONAL NAME
- Personal name: Sturm, Terry W
670 ## - SOURCE DATA FOUND
- Source citation: Work cat.: (NUST)0: Sturm, Terry W., Open channel hydraulics /, c2010.
